000 00484nam a2200181Ia 4500
003 LK-CoDNM
005 20240130120919.0
008 010623t1904 xxu||||| |||| 00| 1 eng d
040 _aLK-CoDNM
_dLK-CoDNM
_eLK-CoDNM
041 _aeng
_asin
080 _a104
_bO 3
245 _aබැප්ටිස්ට් ප්‍ර‍වෘත්ති
246 _aBaptist intelligencer
260 _bS.De.Saram
_aColombo
_c1904
300 _b8p., 27 cm
650 _aPsalms
942 _cBK
999 _c85874
_d85874